Las campañas del Pacífico y de Extremo Oriente (Record no. 189741)

MARC details
000 -LEADER
campo de control de longitud fija 00806nam a2200205 i 4500
001 - NÚMERO DE CONTROL
campo de control 189741
003 - IDENTIFICADOR DE NÚMERO DE CONTROL
campo de control ES-MaACL
005 - FECHA Y HORA DE LA ÚLTIMA TRANSACCIÓN
campo de control 20250915063108.0
007 - CAMPO FIJO DE DESCRIPCIÓN FÍSICA--INFORMACIÓN GENERAL
campo de control de longitud fija t|
008 - DATOS DE LONGITUD FIJA--INFORMACIÓN GENERAL
campo de control de longitud fija 191007s1946 sp ||||1| spa d
100 1# - ENTRADA PRINCIPAL--NOMBRE DE PERSONA
Nombre de persona Martínez de Campos y Serrano, Carlos,
Fechas asociadas al nombre 1887-1975
9 (RLIN) 77985
245 14 - MENCIÓN DEL TÍTULO
Título Las campañas del Pacífico y de Extremo Oriente
Resto del título : 1941-1945 /
Mención de responsabilidad, etc. por Carlos Martinez de Campos y Serrano, Duque de la Torre, Conde de Llovera.
260 ## - PUBLICACIÓN, DISTRIBUCIÓN, ETC.
Lugar de publicación, distribución, etc. Madrid :
Nombre del editor, distribuidor, etc. Idea,
Fecha de publicación, distribución, etc. 1946.
300 ## - DESCRIPCIÓN FÍSICA
Extensión 307 p., [7] h. de lám. :
Otras características físicas map. ;
Dimensiones 27 cm.
490 1# - MENCIÓN DE SERIE
Mención de serie Historia de la Segunda Guerra Mundial ;
Designación de volumen o secuencia 8
650 #4 - PUNTO DE ACCESO ADICIONAL DE MATERIA--TÉRMINO DE MATERIA
Término de materia o nombre geográfico como elemento de entrada Guerra mundial, 1939-1945-
Subdivisión general Campañas-
Subdivisión geográfica Pacífico.
9 (RLIN) 168487
830 0# - PUNTO DE ACCESO ADICIONAL DE SERIE-TÍTULO UNIFORME
Título uniforme Historia de la Segunda Guerra Mundial ;
Designación de volumen o secuencia 8
9 (RLIN) 187548
852 ## - LOCALIZACIÓN
Ubicación ES-MaACL
Número de control de estantería P-925-7
Holdings
Estatus retirado Estado de pérdida Estado de daño No para préstamo Biblioteca de origen Biblioteca actual Ubicación en estantería Fecha de adquisición Fuente de adquisición Total de préstamos Signatura topográfica completa Código de barras Visto por última vez Precio de reemplazo Tipo de ítem Koha
        Biblioteca del Ateneo de Madrid Biblioteca del Ateneo de Madrid Depósito 2 07/10/2019     P-925-7 1201178 23/02/2023 23/02/2023 Libro impreso